| 000 | 00502nam a2200193Ia 4500 | ||
|---|---|---|---|
| 005 | 20250508163347.0 | ||
| 008 | 008 250505s9999 xx 000 0 eng d | ||
| 037 | _aTextual | ||
| 040 |
_aFEDL _beng _cFEDL |
||
| 041 |
_aeng _2eng |
||
| 084 |
_a150, CAL _qFEDL |
||
| 100 |
_aCalvin Allen D _9775199 |
||
| 245 | 0 | _aPsychology | |
| 260 |
_aBoston, USA _bAllyn and Bacon _c1961 |
||
| 300 | _axix,571p. | ||
| 650 | _aPsychology | ||
| 942 |
_cTEXL _h150, CAL |
||
| 999 |
_c1382550 _d1382550 |
||